| 000 | 00717nam a22002295i 4500 | ||
|---|---|---|---|
| 001 | 177846 | ||
| 003 | ES-MaACL | ||
| 005 | 20230906220429.0 | ||
| 008 | 110503s2000 sp |||| | spa d | ||
| 020 | _a84-95192-57-8 | ||
| 080 | _a821.134.2-14"19" | ||
| 100 | 1 |
_aNarbón Martínez, María Pilar. _9146337 |
|
| 245 | 1 | 3 |
_aEl veneno de las rosas / _cPilar Narbón. |
| 250 | _a1ª ed. | ||
| 260 |
_aCuenca : _bDiputación Provincial de Cuenca, Cultura, _cimp. 2000. |
||
| 300 |
_a54 p. ; _c21 cm. |
||
| 490 | 1 | _aColección Federico Muelas | |
| 500 | _aFinalista Premio Alfonso VIII de Poesía, 2000. | ||
| 830 | 0 |
_aColección Federico Muelas _9190610 |
|
| 852 |
_aES-MaACL _j2296-F-11 |
||
| 999 |
_c177846 _d177846 |
||